Countries Containing Z (with a map) - Statistics

General Stats
  • This quiz has been taken 719 times
    419 since last reset
  • The average score is 192 of 196
Answers on the Map
Answers color-coded by a green-red scale on the quiz's map according to % correct below.
 
Answer Stats
capital % Correct
x
100%
Zimbabwe
95%
Zambia
94%
Brazil
79%
Kazakhstan
76%
New Zealand
75%
Uzbekistan
75%
Mozambique
74%
Azerbaijan
71%
Switzerland
70%
Belize
68%
Kyrgyzstan
67%
Tanzania
66%
Czechia
63%
Venezuela
58%
Bosnia and Herzegovina
52%
No matching quizzes found
Score Distribution
Percent of People with Each Score
Percentile by Number Answered
Your Score History
You have not taken this quiz since the last reset